000 00440nam a2200193Ia 4500
005 20240823035205.0
008 240823s9999||||xx |||||||||||||| ||und||
020 _a81-85231-15-x
041 _aENGLISH
082 _A823 N2
100 _aIndira Bhatt
245 0 _aManohar Malgonkar -The Novelist
250 _a1st
260 _c1992
_bCreative Publi
500 _aYES
650 _aNovel
_bEnglish
942 _cBK
999 _c200093
_d200093